000 00503nam a2200169Ia 4500
999 _c21365
_d21365
003 OSt
005 20200615104626.0
008 190216s9999||||xx |||||||||||||| ||und||
020 _a9788125037897
040 _coclc
082 _a305.55095484
_bSAA/M
100 _aSaavala, Minna
_92873
245 0 _aMiddle Class Moralities /
_cMinna Saavala
260 _bOrient Black Swans,
_c2010.
_aHyderbad:
300 _a226p
942 _cBK
_2ddc
_h305.55095484
_iSAA/M
_k305.55095484
_mSAA/M